Magic Yoyo Bag - Terraria Crafting Tree - Statistics

General Stats
  • This quiz has been taken 8 times
  • The average score is 6 of 7
Answer Stats
Item % Correct
Counterweight
100%
Magic Yoyo Bag
86%
White String
86%
Yoyo Bag
86%
Yoyo Glove
86%
Magic String
71%
Strung Counterweight
57%
No matching quizzes found
Score Distribution
Percent of People with Each Score
Percentile by Number Answered
Your Score History
You have not taken this quiz